Statistiques concernant 15 principaux pays touchés par Covid-19 - 28 mai 2021

Cliquez ici pour prendre le quiz!

Statistiques générales

  • Ce quiz a été pris 15 fois
  • Le résultat moyen est 14 sur 28

Statistiques - réponses

nombre
total de cas
gain
quotidien
taux par
million
country% Correct
3 680 1596190Allemagne
100%
3 668 6585482Espagne
100%
5 646 897
11 26886 338France
100%
5 044 4599252Russie
100%
34 022 65722 813102 244Etats-Unis
93%
2 405 7223000Mexique
93%
27 719 431171 726Inde
86%
4 209 7073738Italie
86%
4 477 7054182Royaume-Uni
86%
16 392 65750 495Brésil
79%
90 719Belgique
64%
105 205Suède
57%
95 597Pays-Bas
50%
2 870 595946Pologne
50%
2 886 11110 253Iran
43%
3 702 42239 207Argentine
36%
83 374Hongrie
36%
5 228 3227773Turquie
29%
3 342 56723 374Colombie
21%
97 410Estonie
21%
101 701Lituanie
21%
87 112Croatie
14%
154 795Tchèquie
14%
90 010Israël
7%
121 749Slovénie
7%
132 465Bahreïn
0%
85 855Géorgie
0%
86 117Panama
0%

Distribution des résultats

Percentile par nombre de réponses

% des personnes avec chaque résultat

Votre développement - résultats

Vous n’avez pas pris ce quiz